000 00608nam a2200193Ia 4500
003 GCL
008 140319s9999 xx 000 0 ara d
020 _a3625887977
040 _aGCL /
_cGCL
082 0 4 _a811.9
_bا خ
100 1 _aاحمد فؤاد نجم
245 1 0 _aخلاصة الكلام /
_cاحمد فؤاد نجم
250 _aالاولى
260 _aالقاهرة :
_bدار الاحمدى للنشر ،
_c2003
300 _a173 ص ؛
_c24 سم
650 0 4 _aالشعر العربى - دواوين وقصائد
650 0 4 _aالشعر العربى - مجموعات
942 _2ddc
_cBK
999 _c5341
_d5341